00610nam a22001577a 4500999001500000008004100015020001800056082001900074100001700093245014300110260004500253300001900298650001300317942001500330952010700345 c4442d4442161104b xxu||||| |||| 00| 0 eng d a9976 60 199 9 a320.096'78 MMU aMmuya, Max.- aTowards Multiparty Politics in Tanzania:bA Spectrum of the Current Opposition and the CCM Response/cMax Mmuya, Amon Chaligha.-hEnglish. aDar Es Salaam:bUniversity Press,c1992. a167p.;c21cm.- 2Politics 2ddccBOOKS 00102ddc4070a1000b1000d2016-11-04l0o320.096'78 MMUp10000000121r2019-07-29w2016-11-04yBOOKS